Which Countries Could Become One? - Statistics

General Stats
  • This quiz has been taken 46 times
  • The average score is 17 of 20
Answer Stats
Rank Which country Which country % Correct
2 North Korea South Korea
100%
3 Germany Austria
97%
4 Spain Portugal
97%
1 Canada United States
97%
5 Sweden Norway
95%
9 Australia New Zealand
92%
12 France Belgium
89%
11 Malaysia Indonesia
89%
6 China Taiwan
89%
8 Egypt Sudan
84%
14 Vietnam Laos
82%
20 Italy San Marino
82%
10 Russia Belarus
79%
13 Ethiopia Eritrea
79%
16 Argentina Uruguay
79%
15 Greece Cyprus
76%
7 Serbia Montenegro
76%
17 Senegal Gambia
74%
18 Kazakhstan Kyrgyzstan
71%
19 Romania Moldova
71%
No matching quizzes found
Score Distribution
Percent of People with Each Score
Percentile by Number Answered
Your Score History
You have not taken this quiz